<?xml version="1.0" encoding="UTF-8"?>
<record
    xmlns:xsi="http://www.w3.org/2001/XMLSchema-instance"
    xsi:schemaLocation="http://www.loc.gov/MARC21/slim http://www.loc.gov/standards/marcxml/schema/MARC21slim.xsd"
    xmlns="http://www.loc.gov/MARC21/slim">

  <leader>02553nam0a2200373   4500</leader>
  <controlfield tag="001">RU\NLR\BIBL_A\022369973</controlfield>
  <controlfield tag="005">20260420020819.0</controlfield>
  <datafield tag="010" ind1=" " ind2=" ">
    <subfield code="a">978-5-389-25236-3</subfield>
    <subfield code="9">3000</subfield>
  </datafield>
  <datafield tag="021" ind1=" " ind2=" ">
    <subfield code="a">RU</subfield>
    <subfield code="b">&#x41A;&#x41D;-&#x41F;-24-055074</subfield>
    <subfield code="9">&#x41A;&#x41D;-&#x41F;-24-5484</subfield>
  </datafield>
  <datafield tag="035" ind1=" " ind2=" ">
    <subfield code="a">(NLR Aleph) 022369973</subfield>
  </datafield>
  <datafield tag="090" ind1=" " ind2=" ">
    <subfield code="a">13668888</subfield>
    <subfield code="c">13668888</subfield>
  </datafield>
  <datafield tag="100" ind1=" " ind2=" ">
    <subfield code="a">20241101d2024    u  y0rusy50      ca</subfield>
  </datafield>
  <datafield tag="101" ind1="1" ind2=" ">
    <subfield code="a">rus</subfield>
    <subfield code="c">eng</subfield>
  </datafield>
  <datafield tag="102" ind1=" " ind2=" ">
    <subfield code="a">RU</subfield>
  </datafield>
  <datafield tag="105" ind1=" " ind2=" ">
    <subfield code="a">y|||z|||000gy</subfield>
  </datafield>
  <datafield tag="181" ind1=" " ind2="0">
    <subfield code="a">i </subfield>
    <subfield code="b">xxxe  </subfield>
  </datafield>
  <datafield tag="182" ind1=" " ind2="0">
    <subfield code="a">n</subfield>
  </datafield>
  <datafield tag="200" ind1="1" ind2=" ">
    <subfield code="a">&#x412;&#x435;&#x442;&#x435;&#x440; &#x432; &#x43A;&#x430;&#x43C;&#x44B;&#x448;&#x430;&#x445;</subfield>
    <subfield code="e">[&#x438;&#x437;&#x431;&#x440;&#x430;&#x43D;&#x43D;&#x44B;&#x435; &#x43F;&#x440;&#x43E;&#x438;&#x437;&#x432;&#x435;&#x434;&#x435;&#x43D;&#x438;&#x44F;]</subfield>
    <subfield code="f">&#x423;&#x438;&#x43B;&#x44C;&#x44F;&#x43C; &#x411;&#x430;&#x442;&#x43B;&#x435;&#x440; &#x419;&#x435;&#x439;&#x442;&#x441;</subfield>
    <subfield code="g">&#x43F;&#x435;&#x440;&#x435;&#x432;&#x43E;&#x434; &#x441; &#x430;&#x43D;&#x433;&#x43B;&#x438;&#x439;&#x441;&#x43A;&#x43E;&#x433;&#x43E;, [&#x43A;&#x43E;&#x43C;&#x43C;&#x435;&#x43D;&#x442;&#x430;&#x440;&#x438;&#x438;] &#x413;&#x440;&#x438;&#x433;&#x43E;&#x440;&#x438;&#x44F; &#x41A;&#x440;&#x443;&#x436;&#x43A;&#x43E;&#x432;&#x430;</subfield>
  </datafield>
  <datafield tag="203" ind1=" " ind2=" ">
    <subfield code="a">&#x422;&#x435;&#x43A;&#x441;&#x442;</subfield>
    <subfield code="b">&#x432;&#x438;&#x437;&#x443;&#x430;&#x43B;&#x44C;&#x43D;&#x44B;&#x439;</subfield>
    <subfield code="c">&#x43D;&#x435;&#x43F;&#x43E;&#x441;&#x440;&#x435;&#x434;&#x441;&#x442;&#x432;&#x435;&#x43D;&#x43D;&#x44B;&#x439;</subfield>
  </datafield>
  <datafield tag="210" ind1=" " ind2=" ">
    <subfield code="a">&#x421;&#x430;&#x43D;&#x43A;&#x442;-&#x41F;&#x435;&#x442;&#x435;&#x440;&#x431;&#x443;&#x440;&#x433;</subfield>
    <subfield code="c">&#x410;&#x437;&#x431;&#x443;&#x43A;&#x430;-&#x410;&#x442;&#x442;&#x438;&#x43A;&#x443;&#x441;, &#x410;&#x437;&#x431;&#x443;&#x43A;&#x430;</subfield>
    <subfield code="d">2024</subfield>
  </datafield>
  <datafield tag="215" ind1=" " ind2=" ">
    <subfield code="a">315, [1] &#x441;.</subfield>
    <subfield code="d">17</subfield>
  </datafield>
  <datafield tag="225" ind1="1" ind2=" ">
    <subfield code="a">&#x410;&#x437;&#x431;&#x443;&#x43A;&#x430;-&#x43F;&#x43E;&#x44D;&#x437;&#x438;&#x44F;</subfield>
  </datafield>
  <datafield tag="300" ind1=" " ind2=" ">
    <subfield code="a">&#x412; &#x430;&#x43D;&#x43D;&#x43E;&#x442;. &#x430;&#x432;&#x442;.: &#x423;. &#x411;. &#x419;&#x435;&#x439;&#x442;&#x441;, &#x43B;&#x430;&#x443;&#x440;&#x435;&#x430;&#x442; &#x41D;&#x43E;&#x431;&#x435;&#x43B;&#x435;&#x432;. &#x43F;&#x440;&#x435;&#x43C;&#x438;&#x438;</subfield>
  </datafield>
  <datafield tag="309" ind1=" " ind2=" ">
    <subfield code="a">&#x41A;&#x43D;. &#x432; &#x43F;&#x43E;&#x44F;&#x441;&#x43A;&#x435;</subfield>
  </datafield>
  <datafield tag="327" ind1="0" ind2=" ">
    <subfield code="a">&#x421;&#x43E;&#x434;&#x435;&#x440;&#x436;. &#x446;&#x438;&#x43A;&#x43B;&#x44B;: &#x418;&#x437; &#x43A;&#x43D;&#x438;&#x433;&#x438; "&#x41F;&#x435;&#x440;&#x435;&#x43A;&#x440;&#x435;&#x441;&#x442;&#x43A;&#x438;" (1889) ; &#x418;&#x437; &#x43A;&#x43D;&#x438;&#x433;&#x438; "&#x420;&#x43E;&#x437;&#x430;" (1893) ; &#x418;&#x437; &#x43A;&#x43D;&#x438;&#x433;&#x438; "&#x412;&#x435;&#x442;&#x435;&#x440; &#x432; &#x43A;&#x430;&#x43C;&#x44B;&#x448;&#x430;&#x445;" (1899) ; &#x418;&#x437; &#x43A;&#x43D;&#x438;&#x433;&#x438; "&#x412; &#x441;&#x435;&#x43C;&#x438; &#x43B;&#x435;&#x441;&#x430;&#x445;" (1903) ; &#x418;&#x437; &#x43A;&#x43D;&#x438;&#x433;&#x438; "&#x417;&#x435;&#x43B;&#x435;&#x43D;&#x44B;&#x439; &#x448;&#x43B;&#x435;&#x43C; &#x438; &#x434;&#x440;&#x443;&#x433;&#x438;&#x435; &#x441;&#x442;&#x438;&#x445;&#x43E;&#x442;&#x432;&#x43E;&#x440;&#x435;&#x43D;&#x438;&#x44F;" (1910) ; &#x418;&#x437; &#x43A;&#x43D;&#x438;&#x433;&#x438; "&#x41E;&#x442;&#x432;&#x435;&#x442;&#x441;&#x442;&#x432;&#x435;&#x43D;&#x43D;&#x43E;&#x441;&#x442;&#x44C;" (1914) ; &#x418;&#x437; &#x43A;&#x43D;&#x438;&#x433;&#x438; "&#x414;&#x438;&#x43A;&#x438;&#x435; &#x43B;&#x435;&#x431;&#x435;&#x434;&#x438; &#x432; &#x41A;&#x443;&#x43B;&#x435;" (1919) ; &#x418;&#x437; &#x43A;&#x43D;&#x438;&#x433;&#x438; "&#x41C;&#x430;&#x439;&#x43A;&#x43B; &#x420;&#x43E;&#x431;&#x430;&#x440;&#x442;&#x438;&#x441; &#x438; &#x43F;&#x43B;&#x44F;&#x441;&#x443;&#x43D;&#x44C;&#x44F;" (1921) ; &#x414;&#x432;&#x435; &#x43F;&#x435;&#x441;&#x43D;&#x438; &#x438;&#x437; &#x43F;&#x44C;&#x435;&#x441;&#x44B; "&#x41F;&#x43E;&#x441;&#x43B;&#x435;&#x434;&#x43D;&#x44F;&#x44F; &#x440;&#x435;&#x432;&#x43D;&#x43E;&#x441;&#x442;&#x44C; &#x42D;&#x43C;&#x435;&#x440;" (1919) ; &#x418;&#x437; &#x43A;&#x43D;&#x438;&#x433;&#x438; "&#x411;&#x430;&#x448;&#x43D;&#x44F;" (1928) [&#x438; &#x434;&#x440;.]. &#x412; &#x43A;&#x43D;. &#x442;&#x430;&#x43A;&#x436;&#x435;: &#x423;. &#x411;. &#x419;&#x435;&#x439;&#x442;&#x441;. "&#x421;&#x43E;&#x445;&#x440;&#x430;&#x43D;&#x438;&#x442;&#x44C; &#x432; &#x434;&#x443;&#x448;&#x435; &#x438;&#x440;&#x43B;&#x430;&#x43D;&#x434;&#x441;&#x442;&#x432;&#x43E;" / &#x413;. &#x41A;&#x440;&#x443;&#x436;&#x43A;&#x43E;&#x432;</subfield>
  </datafield>
  <datafield tag="333" ind1=" " ind2=" ">
    <subfield code="a">16+</subfield>
  </datafield>
  <datafield tag="464" ind1=" " ind2="0">
    <subfield code="1">2001#$a&#x423;. &#x411;. &#x419;&#x435;&#x439;&#x442;&#x441;. "&#x421;&#x43E;&#x445;&#x440;&#x430;&#x43D;&#x438;&#x442;&#x44C; &#x432; &#x434;&#x443;&#x448;&#x435; &#x438;&#x440;&#x43B;&#x430;&#x43D;&#x434;&#x441;&#x442;&#x432;&#x43E;"$f&#x413;. &#x41A;&#x440;&#x443;&#x436;&#x43A;&#x43E;&#x432;</subfield>
    <subfield code="1">700#1$a&#x41A;&#x440;&#x443;&#x436;&#x43A;&#x43E;&#x432;$b&#x413;. &#x41C;.$f1945-$g&#x413;&#x440;&#x438;&#x433;&#x43E;&#x440;&#x438;&#x439; &#x41C;&#x438;&#x445;&#x430;&#x439;&#x43B;&#x43E;&#x432;&#x438;&#x447;$3RU\NLR\AUTH\7732372</subfield>
    <subfield code="t">&#x423;. &#x411;. &#x419;&#x435;&#x439;&#x442;&#x441;. "&#x421;&#x43E;&#x445;&#x440;&#x430;&#x43D;&#x438;&#x442;&#x44C; &#x432; &#x434;&#x443;&#x448;&#x435; &#x438;&#x440;&#x43B;&#x430;&#x43D;&#x434;&#x441;&#x442;&#x432;&#x43E;"</subfield>
    <subfield code="a">&#x41A;&#x440;&#x443;&#x436;&#x43A;&#x43E;&#x432;, &#x413;&#x440;&#x438;&#x433;&#x43E;&#x440;&#x438;&#x439; &#x41C;&#x438;&#x445;&#x430;&#x439;&#x43B;&#x43E;&#x432;&#x438;&#x447; (1945-)</subfield>
  </datafield>
  <datafield tag="686" ind1="1" ind2=" ">
    <subfield code="a">&#x428;6(4&#x418;)167-5{&#x41B;&#x445;1328-175}</subfield>
  </datafield>
  <datafield tag="700" ind1=" " ind2="1">
    <subfield code="7">ca</subfield>
    <subfield code="8">rus</subfield>
    <subfield code="a">&#x419;&#x435;&#x439;&#x442;&#x441;</subfield>
    <subfield code="b">&#x423;. &#x411;.</subfield>
    <subfield code="f">1865-1939</subfield>
    <subfield code="g">&#x423;&#x438;&#x43B;&#x44C;&#x44F;&#x43C; &#x411;&#x430;&#x442;&#x43B;&#x435;&#x440;</subfield>
    <subfield code="9">357</subfield>
    <subfield code="3">RU\NLR\AUTH\7717268</subfield>
  </datafield>
  <datafield tag="942" ind1=" " ind2=" ">
    <subfield code="c">BOOK</subfield>
  </datafield>
  <datafield tag="980" ind1=" " ind2=" ">
    <subfield code="a">NB</subfield>
  </datafield>
</record>
